| 000 | 01497nam a2200313 a 4500 | ||
|---|---|---|---|
| 001 | BRCA_5179 | ||
| 005 | 20190320204955.0 | ||
| 008 | 241110s1827----mx-######v---#000-0#spa-# | ||
| 041 | _aspa | ||
| 044 | _amx | ||
| 084 |
_aDOC140 _b.S68 _c1827 |
||
| 100 | 1 |
_aSoto, Antonio _cCoronel _913245 |
|
| 245 | 1 | 0 |
_aDocumento firmado por el Coronel Antonio Soto _cCoronel Antonio Soto, Francisco Nepomuceno Batres y Nagera. |
| 260 |
_aMéxico _c1827 |
||
| 300 |
_a[4] fojas _c32 x 21 cm |
||
| 500 | _aDocumento firmado el 8 de octubre de 1827 | ||
| 500 | _aEl C. Coronel Antonio Soto, se dirige al Exmo. Sor Gobernador del Distrito, a fin de recluir en un reformatorio a un hijo adoptivo | ||
| 500 | _aEl documento contiene la leyenda DOC. #308 | ||
| 500 | _aPapel con marca de agua | ||
| 500 | _aEn la parte superior sello con escudo Nacional e inscripción que dice: SELLO CUARTO, UNA CUARTILLA. PARA LOS AÑOS DE MIL OCHOCIENTOS VEINTE Y SEIS Y OCHOCIENTOS VEINTE Y SIETE | ||
| 500 | _aEstado de conservación: contiene márgenes maltratados y manchas de acidez | ||
| 506 | 0 | _aFondo reservado: para su consulta es necesario credencial de usuario y carta de motivos | |
| 546 | _aTexto en: español de principios del siglo XIX | ||
| 600 | 1 | 4 |
_aSoto, Antonio _cCoronel _913245 |
| 650 | 1 | 4 |
_aDocumentos legales _vImpreso con rúbricas _xHistoria _yFederalismo y centralismo, 1824-1853 _zMéxico _913246 |
| 700 | 1 |
_aBatres y Nagera, Francisco Nepomuceno _913247 |
|
| 902 | _aFDH | ||
| 942 |
_2lcc _cD |
||
| 999 |
_c4873 _d4873 |
||